banner koha

Ensaio bioclimatico de cultivares e linhagens de arroz (Oryza sativa L.)irrigado [melhoramento vegetal, Rio Grande do Sul, Brasil] (Registro n. 317237)

MARC details
000 -LÍDER
campo de controle de tamanho fixo 01436naa a22003497a 4500
001 - NÚMERO DE CONTROLE
campo de controle BR8501336
003 - IDENTIFICADOR DO NÚMERO DE CONTROLE
campo de controle BR-BrBNA
005 - DATA E HORÁRIO DA ÚLTIMA TRANSAÇÃO
campo de controle 20240918175548.0
007 - CAMPO FIXO DE DESCRIÇÃO FÍSICA--INFORMAÇÃO GERAL
campo de controle de tamanho fixo ta
008 - CAMPO DE DADOS FIXOS--INFORMAÇÃO GERAL
campo de controle de tamanho fixo 230509b bl.||||| |||| 00| 0 por d
040 ## - FONTE DA CATALOGAÇÃO
Instituição da catalogação original BR-BrBNA
Idioma da catalogação por
Instituição que transcreveu o registro Biblioteca Nacional de Agricultura
041 ## - CÓDIGO DE IDIOMA
Código do idioma do texto/trilha sonora ou título diferente (Pt)
072 ## - CÓDIGO DE CATEGORIA DE ASSUNTO
Código de Categoria de Assunto F30
Código do objeto 0150
-- G514
090 ## - NÚMERO DE CHAMADA LOCAL
Número de chamada F30 BR8501336
100 1# - ENTRADA PRINCIPAL--NOME PESSOAL
Nome pessoal Souza, P.R. de
111 1# - ENTRADA PRINCIPAL--NOME DO EVENTO
Nome do evento ou lugar 13. Reuniao da Cultura do Arroz Irrigado
Local do evento Camboriu, SC (Brazil)
Data do evento ou assinatura do tratado 26-28 Sep 1984
245 1# - TÍTULO
Título Ensaio bioclimatico de cultivares e linhagens de arroz (Oryza sativa L.)irrigado [melhoramento vegetal, Rio Grande do Sul, Brasil]
246 1# - FORMA VARIANTE DO TÍTULO
Título/título abreviado [Bioclimatic trial of cultivars and lines of irrigated rice (Oryza sativa L.)[plant improvement, Rio Grande do Sul, Brazil]]
246 1# - FORMA VARIANTE DO TÍTULO
Título/título abreviado [Proceedings of the 13. Meeting on Irrigated Rice Cultivation]
260 3# - PUBLICAÇÃO, DISTRIBUIÇÃO, ETC.
Local de publicação, distribuição, etc. Florianopolis, SC (Brasil):
Data da publicação, distribuição, etc. 1984.
500 ## - NOTA GERAL
Nota geral Anais da 13. Reuniao da Cultura do Arroz Irrigado<br/>Florianopolis, SC (Brasil): 1984. p. 168-173<br/>(BR8501336-AM)F30<br/>
650 ## - ASSUNTO--TERMO TÓPICO
Cabeçalho tópico ou nome geográfico ARROZ IRRIGADO
650 ## - ASSUNTO--TERMO TÓPICO
Cabeçalho tópico ou nome geográfico VARIEDADE
650 ## - ASSUNTO--TERMO TÓPICO
Cabeçalho tópico ou nome geográfico LINHAGEM
650 ## - ASSUNTO--TERMO TÓPICO
Cabeçalho tópico ou nome geográfico BIOCLIMATOLOGIA
650 ## - ASSUNTO--TERMO TÓPICO
Cabeçalho tópico ou nome geográfico ACLIMATACAO
650 ## - ASSUNTO--TERMO TÓPICO
Cabeçalho tópico ou nome geográfico COMPORTAMENTO DE VARIEDADE
650 ## - ASSUNTO--TERMO TÓPICO
Cabeçalho tópico ou nome geográfico RIO GRANDE DO SUL
773 0# - ENTRADA ANALÍTICA
Título Anais da 13. Reuniao da Cultura do Arroz Irrigado
Número de controle do registro F30 BR8501336
Partes relacionadas Florianopolis, SC (Brasil), 1984. p. 168-173
909 ## -
-- 202404
-- Lucia
-- 55
-- Lucia Elande
942 ## - ELEMENTOS DE ENTRADA ADICIONADOS (KOHA)
Tipo de material Koha Capítulo-Livro
Fonte da classificação ou esquema de arquivamento na estante Classificação AGRIS
Exemplares
Situação do descarte Fonte da classificação ou esquema de arquivamento na estante Situação física Não pode ser emprestado Coleção Biblioteca de origem Biblioteca atual Localização na estante Total de empréstimos Número de telefone completo Data de último acesso Número do exemplar Tipo de material Koha Situação das perdas Data de aquisição Fonte de aquisição
  Classificação AGRIS       Biblioteca Nacional de Agricultura - Binagri Biblioteca Nacional de Agricultura - Binagri Agrobase - Acervo Geral   0150 BR8501313 20/05/2024 01 Capítulo-Livro   2024-04-11 Portaria Interministerial nº 164/94

BINAGRI

Telefone: (61)3218-2567/2388/3357/2097 - binagri@agro.gov.br

Ministério da Agricultura e Pecuária , Esplanada dos Ministérios, Bloco D, Anexo B, Brasília/DF, CEP: 70.043-900